[Event "GRE-chT 41st"]
[Site "Achaia"]
[Date "2013.07.03"]
[Round "3.5"]
[White "Ymeneou, Pothiti"]
[Black "Pambalou, Fotini"]
[Result "0-1"]
[WhiteElo "1939"]
[BlackElo "2061"]
[PlyCount "84"]
[EventDate "2013.07.02"]
[EventType "team-swiss"]
[EventRounds "7"]
[EventCountry "GRE"]
[SourceTitle "CBM 155 Extra"]
[Source "ChessBase"]
[SourceDate "2013.08.26"]
[SourceVersion "1"]
[SourceVersionDate "2013.08.26"]
[SourceQuality "1"]
[WhiteTeam "Ikarias Tzelepis"]
[BlackTeam "Irakleiou Contact"]
[WhiteTeamCountry "GRE"]
[BlackTeamCountry "GRE"]

1. e4 c5 2. Nc3 Nc6 3. g3 g6 4. Bg2 Bg7 5. Nge2 e6 6. 0-0 Nge7 7. d3 d6 8. Bg5 h6 9. Bf4 0-0 10. h3 Rb8 11. a4 a6 12. g4 Kh7 13. Qd2 f5 14. g5 h5 15. Bg3 Nd4 16. Nxd4 Bxd4 17. Nd1 Nc6 18. c3 Bg7 19. f4 b5 20. exf5 Rxf5 21. Bxc6 d5 22. Ne3 Rf7 23. f5 Rb6 24. fxg6+ Kxg6 25. Rxf7 Kxf7 26. Qf2+ Kg8 27. axb5 axb5 28. Ra7 Qxg5 29. Qf7+ Kh7 30. Qf4 Qg6 31. Qc7 e5 32. Qxe5 Rxc6 33. Rxg7+ Qxg7 34. Qxg7+ Kxg7 35. h4 Be6 36. Kf2 Ra6 37. Kf3 Ra2 38. c4 bxc4 39. dxc4 d4 40. Be5+ Kf7 41. Ng2 Rxb2 42. Ne3 Rb3 0-1

[Event "GRE-chT 40th"]
[Site "Achaia"]
[Date "2012.07.03"]
[Round "5.9"]
[White "Pambalou, Fotini"]
[Black "Pavlidou, Ekaterini"]
[Result "0-1"]
[WhiteElo "2098"]
[BlackElo "2224"]
[PlyCount "76"]
[EventDate "2012.06.30"]
[EventType "team-swiss"]
[EventRounds "7"]
[EventCountry "GRE"]
[SourceTitle "CBM 149 Extra"]
[Source "ChessBase"]
[SourceDate "2012.08.24"]
[SourceVersion "1"]
[SourceVersionDate "2012.08.24"]
[SourceQuality "1"]
[WhiteTeam "Von Heraklion Contact"]
[BlackTeam "Chania Kydon"]
[WhiteTeamCountry "GRE"]
[BlackTeamCountry "GRE"]

1. e4 c5 2. Nf3 Nc6 3. Bb5 g6 4. Bxc6 dxc6 5. d3 Bg7 6. h3 e5 7. 0-0 Qe7 8. a3 a5 9. a4 Nf6 10. Nbd2 h6 11. Nc4 Nd7 12. Ra3 0-0 13. Rb3 b5 14. Ne3 c4 15. Ra3 b4 16. Ra1 cxd3 17. cxd3 Nc5 18. Qc2 Rd8 19. Rd1 Ba6 20. Nc4 b3 21. Qe2 Qe6 22. Be3 Nxd3 23. Nxa5 Nb4 24. Qe1 Nc2 25. Qc3 Nxa1 26. Rxa1 Be2 27. Nd2 Rd3 28. Qc5 Bf8 29. Qb6 Rdd8 30. Nb7 Rdb8 31. Nxb3 Qc8 32. N3c5 Bxc5 33. Qxc5 Qxb7 34. Qxe5 Re8 35. Qc3 Rab8 36. Rb1 Qb4 37. Qf6 Re6 38. Qf4 Rd8 0-1

[Event "GRE-ch (Women) 34th"]
[Site "Athens"]
[Date "2011.12.01"]
[Round "6"]
[White "Makka, Ioulia"]
[Black "Pambalou, Fotini"]
[Result "1/2-1/2"]
[WhiteElo "2126"]
[BlackElo "2104"]
[PlyCount "82"]
[EventDate "2011.11.26"]
[EventType "tourn"]
[EventRounds "9"]
[EventCountry "GRE"]
[SourceTitle "CBM 145 Extra"]
[Source "ChessBase"]
[SourceDate "2012.01.03"]
[SourceVersion "1"]
[SourceVersionDate "2012.01.03"]
[SourceQuality "1"]

1. e4 b6 2. d4 Bb7 3. Bd3 e6 4. Nf3 d5 5. e5 c5 6. c3 Ne7 7. 0-0 Nec6 8. Re1 Qd7 9. Nbd2 Na6 10. Nf1 Nc7 11. Ng3 f5 12. exf6 gxf6 13. Bf4 0-0-0 14. Qd2 Bd6 15. Nh5 Rdf8 16. Bxd6 Qxd6 17. Qh6 Qe7 18. Re2 e5 19. Bf5+ Kb8 20. Rae1 cxd4 21. Nxd4 Qf7 22. Nxc6+ Bxc6 23. a3 Nb5 24. Bd3 Nd6 25. f3 Bb5 26. Bxb5 Nxb5 27. Ng3 Qg6 28. Qh3 Rd8 29. a4 Nd6 30. Rd1 Nc4 31. Qe6 Rhe8 32. Qc6 Qf7 33. Qb5 Qd7 34. Qb3 Qc7 35. Kh1 Qc5 36. h3 Qc7 37. Nf1 Rd7 38. Ne3 Nxe3 39. Rxe3 Red8 40. Red3 Qc5 41. Qa2 Qc6 1/2-1/2

[Event "GRE-ch (Women) 34th"]
[Site "Athens"]
[Date "2011.11.30"]
[Round "5"]
[White "Pambalou, Fotini"]
[Black "Makka, Evanthia"]
[Result "1-0"]
[WhiteElo "2104"]
[BlackElo "2110"]
[PlyCount "45"]
[EventDate "2011.11.26"]
[EventType "tourn"]
[EventRounds "9"]
[EventCountry "GRE"]
[SourceTitle "CBM 145 Extra"]
[Source "ChessBase"]
[SourceDate "2012.01.03"]
[SourceVersion "1"]
[SourceVersionDate "2012.01.03"]
[SourceQuality "1"]

1. Nf3 d5 2. g3 c6 3. Bg2 Bg4 4. d4 Nf6 5. 0-0 h6 6. c4 g6 7. Nc3 Bg7 8. Ne5 Be6 9. Qb3 b6 10. Qa4 0-0 11. Rd1 a5 12. Be3 Qd6 13. a3 Ra7 14. Rac1 Rb7 15. Bf4 g5 16. Nxf7 Qd7 17. Ne5 Qe8 18. Be3 dxc4 19. Bxc6 Nxc6 20. Qxc6 Qxc6 21. Nxc6 Ng4 22. d5 Bc8 23. Rd2 1-0

[Event "Thessaloniki Triandrias 4th"]
[Site "Thessaloniki"]
[Date "2011.04.29"]
[Round "4"]
[White "Ihtigiaroglou, Prodromos"]
[Black "Pambalou, Fotini"]
[Result "0-1"]
[WhiteElo "1765"]
[BlackElo "2118"]
[PlyCount "118"]
[EventDate "2011.04.26"]
[EventType "swiss"]
[EventRounds "7"]
[EventCountry "GRE"]
[SourceTitle "EXT 2024"]
[Source "ChessBase"]
[SourceDate "2023.10.10"]
[SourceVersion "1"]
[SourceVersionDate "2023.10.10"]
[SourceQuality "1"]

1. c4 e6 2. Nc3 d5 3. b3 Nf6 4. e3 c5 5. d4 cxd4 6. exd4 Nc6 7. Nf3 Bb4 8. Bb2 0-0 9. a3 Bd6 10. Be2 b6 11. 0-0 Ba6 12. Re1 Rc8 13. Rc1 Bb8 14. g3 Re8 15. Na2 dxc4 16. bxc4 Qe7 17. Qa4 Bb7 18. Nb4 Red8 19. d5 Nxb4 20. axb4 exd5 21. cxd5 Rxc1 22. Bxc1 Bxd5 23. Bb5 Qb7 24. Nd4 h6 25. Nc6 Bxc6 26. Bxc6 Qc8 27. b5 Qf5 28. Kg2 Ng4 29. Bf3 h5 30. h3 Nf6 31. Bb2 Rd3 32. Be4 Nxe4 33. Qxe4 Qxe4+ 34. Rxe4 Kf8 35. Rc4 Rd8 36. Ba3+ Kg8 37. Re4 Kh7 38. Re7 Kg6 39. Rb7 Re8 40. Bc1 Kf6 41. h4 Ke6 42. Bf4 Bxf4 43. gxf4 Re7 44. Rb8 Kd6 45. Rg8 f5 46. Rh8 g6 47. Rg8 Re6 48. Rg7 Kc5 49. Rxa7 Kxb5 50. Rb7 Kb4 51. Kf3 b5 52. Rd7 Kb3 53. Rd5 b4 54. Re5 Rd6 55. Ke2 Kb2 56. Re3 b3 57. Ke1 Ka2 58. Re2+ b2 59. Kf1 Ka1 0-1

[Event "GRE-ch (Women)"]
[Site "Katakolo"]
[Date "2009.12.10"]
[Round "6"]
[White "Pambalou, Fotini"]
[Black "Pavlidou, Ekaterini"]
[Result "0-1"]
[WhiteElo "2135"]
[BlackElo "2179"]
[PlyCount "82"]
[EventDate "2009.12.05"]
[EventType "tourn"]
[EventRounds "9"]
[EventCountry "GRE"]
[SourceTitle "CBM 133 Extra"]
[Source "ChessBase"]
[SourceDate "2010.01.05"]
[SourceVersion "1"]
[SourceVersionDate "2010.01.05"]
[SourceQuality "1"]

1. e4 c5 2. Na3 Nc6 3. Bb5 g6 4. c3 Bg7 5. f4 e5 6. Bxc6 dxc6 7. d3 exf4 8. Bxf4 Nf6 9. Nf3 0-0 10. 0-0 h6 11. Qd2 Kh7 12. Rad1 Be6 13. Be5 Bxa2 14. c4 Bb3 15. Rde1 a5 16. Qc3 a4 17. Ng5+ hxg5 18. Rxf6 Bxf6 19. Bxf6 Qd7 20. Qd2 Qg4 21. Re3 Qd1+ 22. Qxd1 Bxd1 23. Rh3+ Bh5 24. g4 b5 25. cxb5 cxb5 26. Nxb5 Ra6 27. e5 Rb8 28. Na3 Rxb2 29. gxh5 Rb3 30. Nc2 Rb1+ 31. Kf2 Rb2 32. Ke3 Rxc2 33. hxg6+ Kxg6 34. Rg3 Kf5 35. Rxg5+ Ke6 36. Rg1 a3 37. Ra1 a2 38. Bh4 Rb6 39. Be1 Rb1 40. Bc3 Rxa1 41. Bxa1 Rc1 0-1

[Event "GRE-chT 37th"]
[Site "Kallithea"]
[Date "2009.07.09"]
[Round "9"]
[White "Pambalou, Fotini"]
[Black "Kouvatsou, Maria"]
[Result "1/2-1/2"]
[WhiteElo "2135"]
[BlackElo "2156"]
[PlyCount "82"]
[EventDate "2009.07.03"]
[EventType "tourn"]
[EventRounds "9"]
[EventCountry "GRE"]
[SourceTitle "CBM 131 Extra"]
[Source "ChessBase"]
[SourceDate "2009.09.03"]
[SourceVersion "2"]
[SourceVersionDate "2009.09.16"]
[SourceQuality "1"]

1. e4 e5 2. Nf3 Nc6 3. Bb5 a6 4. Bxc6 dxc6 5. 0-0 Qd6 6. Na3 Be6 7. Qe2 f6 8. Rd1 0-0-0 9. d4 Bg4 10. Be3 Qe6 11. dxe5 Rxd1+ 12. Qxd1 Bxf3 13. Qxf3 Qxe5 14. Qg4+ f5 15. Qxf5+ Qxf5 16. exf5 Ne7 17. g4 h5 18. h3 Nd5 19. Bg5 hxg4 20. hxg4 b5 21. Re1 Bd6 22. Nb1 Nb4 23. Re2 Nxa2 24. c3 b4 25. b3 Nxc3 26. Nxc3 bxc3 27. f6 gxf6 28. Bxf6 Rg8 29. f3 Rf8 30. g5 Bf4 31. Rc2 Rg8 32. Rxc3 Bxg5 33. Bxg5 Rxg5+ 34. Kf2 Kd7 35. f4 Rg6 36. Kf3 Rd6 37. Ke4 Rd5 38. f5 a5 39. f6 Rh5 40. f7 Ke7 41. Rf3 Kf8 1/2-1/2

[Event "GRE-chT 37th"]
[Site "Kallithea"]
[Date "2009.07.05"]
[Round "3"]
[White "Pambalou, Fotini"]
[Black "Skaraki, Antigoni"]
[Result "1-0"]
[WhiteElo "2135"]
[BlackElo "1744"]
[PlyCount "163"]
[EventDate "2009.07.03"]
[EventType "tourn"]
[EventRounds "9"]
[EventCountry "GRE"]
[SourceTitle "CBM 131 Extra"]
[Source "ChessBase"]
[SourceDate "2009.09.03"]
[SourceVersion "2"]
[SourceVersionDate "2009.09.16"]
[SourceQuality "1"]

1. e4 c5 2. c3 d6 3. d4 cxd4 4. cxd4 Nf6 5. Nc3 g6 6. Nf3 Bg7 7. h3 0-0 8. Be3 Bd7 9. e5 Ne8 10. Qd2 Nc6 11. Bh6 dxe5 12. dxe5 Be6 13. Qf4 Qb6 14. Bb5 Nc7 15. Bxg7 Kxg7 16. Bxc6 Qxc6 17. 0-0 Rfd8 18. Rac1 Nd5 19. Nxd5 Qxd5 20. Rc7 Rd7 21. Rfc1 Rad8 22. b3 Rxc7 23. Rxc7 Rd7 24. Rxd7 Bxd7 25. Qb4 Bxh3 26. Qxe7 Be6 27. Qf6+ Kg8 28. Kh2 a6 29. Ng5 h6 30. Nf3 Bg4 31. Nh4 Qe6 32. Qd8+ Kg7 33. f4 b5 34. g3 Qc8 35. Qd2 Qd7 36. Qc3 Kg8 37. Ng2 Qd1 38. Ne3 Qe2+ 39. Kg1 Qf3 40. Qe1 Qe2 41. Qxe2 Bxe2 42. b4 h5 43. Kf2 Bd3 44. a3 Be4 45. Nf1 Kf8 46. Ke3 Bg2 47. Nd2 Ke7 48. Kd4 Kd7 49. Nb3 Kc6 50. Nc5 Bh3 51. Nxa6 Kb6 52. Nc5 Kc6 53. e6 fxe6 54. Ke5 Bf5 55. Nxe6 Kd7 56. Nd4 Bd3 57. Nf3 Ke7 58. Nh4 Kf7 59. Kd4 Be2 60. Ke5 Bd3 61. Ng2 Ke7 62. Ne3 Kf7 63. Nd5 Bc4 64. Nc3 Kg7 65. a4 bxa4 66. Nxa4 Be2 67. Nc3 Ba6 68. b5 Bb7 69. Ke6 g5 70. fxg5 Kg6 71. Nd5 Kxg5 72. Ne3 h4 73. gxh4+ Kxh4 74. Kd7 Kg5 75. Nc4 Kf6 76. Na5 Ba8 77. b6 Kf7 78. Kc7 Ke7 79. Nb7 Ke8 80. Kb8 Kd7 81. Kxa8 Kc6 82. Ka7 1-0

[Event "GRE-chT 37th"]
[Site "Kallithea"]
[Date "2009.07.05"]
[Round "4"]
[White "Papadopoulou, Vera"]
[Black "Pambalou, Fotini"]
[Result "1-0"]
[WhiteElo "2160"]
[BlackElo "2135"]
[PlyCount "83"]
[EventDate "2009.07.03"]
[EventType "tourn"]
[EventRounds "9"]
[EventCountry "GRE"]
[SourceTitle "CBM 131 Extra"]
[Source "ChessBase"]
[SourceDate "2009.09.03"]
[SourceVersion "2"]
[SourceVersionDate "2009.09.16"]
[SourceQuality "1"]

1. d4 d5 2. c4 e6 3. Nc3 Nf6 4. cxd5 exd5 5. Bg5 c6 6. e3 Be7 7. Bd3 Nbd7 8. Nf3 0-0 9. Qc2 Re8 10. 0-0 g6 11. h3 Nh5 12. Bxe7 Qxe7 13. Rab1 Ng7 14. b4 a6 15. a4 Nb6 16. b5 axb5 17. axb5 c5 18. dxc5 Qxc5 19. Nd4 Ne6 20. Nb3 Qe7 21. Rfd1 Nc5 22. Nxd5 Nxd5 23. Nxc5 Bxh3 24. Be4 Rac8 25. Rxd5 Be6 26. Re5 Qd6 27. Qb2 Rxc5 28. Rxc5 Qxc5 29. Bxb7 Rb8 30. Bc6 h5 31. Rc1 Qb6 32. Qa3 Qd8 33. Qa7 h4 34. Ra1 h3 35. Qxb8 Qxb8 36. Ra8 Qxa8 37. Bxa8 hxg2 38. b6 Bc8 39. b7 Bxb7 40. Bxb7 Kg7 41. Kxg2 Kh6 42. Kg3 1-0

[Event "GRE-chT 37th"]
[Site "Kallithea"]
[Date "2009.07.05"]
[Round "2"]
[White "Stiri, Alexandra"]
[Black "Pambalou, Fotini"]
[Result "0-1"]
[WhiteElo "2163"]
[BlackElo "2135"]
[PlyCount "54"]
[EventDate "2009.07.03"]
[EventType "tourn"]
[EventRounds "9"]
[EventCountry "GRE"]
[SourceTitle "CBM 131 Extra"]
[Source "ChessBase"]
[SourceDate "2009.09.03"]
[SourceVersion "2"]
[SourceVersionDate "2009.09.16"]
[SourceQuality "1"]

1. e4 e5 2. Nf3 Nc6 3. d4 exd4 4. Nxd4 Bc5 5. Be3 Qf6 6. c3 Nge7 7. g3 d5 8. Bg2 Nxd4 9. cxd4 Bb4+ 10. Nc3 Bxc3+ 11. bxc3 dxe4 12. Bxe4 c6 13. 0-0 0-0 14. a4 Bf5 15. Bg2 Rad8 16. Qb3 Rd7 17. c4 Rfd8 18. a5 Be6 19. Rad1 h5 20. h4 Bg4 21. Rd2 Qf5 22. a6 bxa6 23. Re1 Bf3 24. Bf1 Ng6 25. Bg5 f6 26. Bd3 Qh3 27. Bf1 Qh1# 0-1

[Event "GRE-ch (Women) 31st"]
[Site "Greece"]
[Date "2008.09.07"]
[Round "4.2"]
[White "Makropoulou, Marina"]
[Black "Pambalou, Fotini"]
[Result "1-0"]
[WhiteElo "2244"]
[BlackElo "2147"]
[PlyCount "189"]
[EventDate "2008.09.04"]
[EventType "tourn"]
[EventRounds "9"]
[EventCountry "GRE"]
[SourceTitle "EXT 2010"]
[Source "ChessBase"]
[SourceDate "2010.11.25"]
[SourceVersion "1"]
[SourceVersionDate "2010.11.25"]
[SourceQuality "1"]

1. e4 e5 2. Nf3 Nc6 3. Bb5 a6 4. Ba4 Nf6 5. 0-0 Be7 6. Re1 b5 7. Bb3 d6 8. c3 0-0 9. h3 Na5 10. Bc2 c5 11. d4 Qc7 12. Nbd2 Rd8 13. d5 c4 14. Nf1 Nb7 15. a4 Bd7 16. Ng3 Nc5 17. axb5 axb5 18. Be3 Rdb8 19. Qe2 Ra7 20. Nd2 Rba8 21. Rxa7 Rxa7 22. f4 Ra2 23. Rb1 Bc8 24. Kh2 Nfd7 25. Nf5 Bf6 26. Nf3 Nb6 27. fxe5 dxe5 28. d6 Qc6 29. Ne7+ Bxe7 30. dxe7 Bd7 31. Qf2 Nba4 32. Nxe5 Qe6 33. Nxd7 Nxd7 34. Qf5 Qxe7 35. Rd1 Nf8 36. Bxa4 Rxa4 37. Bc5 Qe8 38. Bxf8 Kxf8 39. Qxh7 Qe5+ 40. Kh1 Ke7 41. Qh4+ Qf6 42. Qg4 Ra7 43. Qh5 g5 44. h4 Ra8 45. Qxg5 Qxg5 46. hxg5 Rh8+ 47. Kg1 Rh4 48. Rd5 Rxe4 49. Rxb5 Re2 50. Kf1 Rd2 51. Re5+ Kd6 52. Re2 Rd5 53. Rf2 Ke6 54. Rf6+ Ke7 55. Rf4 Rd2 56. Rxc4 Rxb2 57. Rc6 Kd7 58. Rf6 Ke7 59. Rf3 Rb5 60. Rg3 Rb2 61. g6 fxg6 62. Rxg6 Rc2 63. Rg3 Ke6 64. Rf3 Ke5 65. Kg1 Kd5 66. Kh2 Kc4 67. Kh3 Kd5 68. Re3 Rc1 69. Kg4 Rf1 70. Kg5 Rf8 71. g4 Rg8+ 72. Kf4 Rf8+ 73. Kg3 Rg8 74. Re7 Kd6 75. Re4 Kd5 76. Kf3 Kc5 77. Ke3 Kd5 78. Kd3 Rg5 79. Rd4+ Kc5 80. Rf4 Rg8 81. c4 Rd8+ 82. Kc3 Rg8 83. Rf5+ Kc6 84. g5 Rh8 85. Rf6+ Kc5 86. Rf5+ Kc6 87. g6 Rg8 88. Rg5 Rg7 89. Kd4 Kd6 90. Ra5 Rg8 91. Ra6+ Kc7 92. Ke5 Kd7 93. Ra7+ Kc6 94. Kf6 Kd6 95. Kf7 1-0

[Event "GRE-chT 36th"]
[Site "Kallithea"]
[Date "2008.07.08"]
[Round "4.3"]
[White "Pambalou, Fotini"]
[Black "Petraki, Maria"]
[Result "1-0"]
[WhiteElo "2147"]
[BlackElo "2069"]
[PlyCount "71"]
[EventDate "2008.07.06"]
[EventType "team-tourn"]
[EventRounds "7"]
[EventCountry "GRE"]
[SourceTitle "CBM 125 Extra"]
[Source "ChessBase"]
[SourceDate "2008.09.01"]
[SourceVersion "1"]
[SourceVersionDate "2008.09.01"]
[SourceQuality "1"]

1. e4 c5 2. c3 d5 3. exd5 Qxd5 4. d4 g6 5. Nf3 Bg7 6. Be3 cxd4 7. cxd4 Nf6 8. Nc3 Qa5 9. Be2 0-0 10. 0-0 Bf5 11. a3 Ne4 12. Nxe4 Bxe4 13. b4 Qd5 14. Rc1 Qd6 15. Qd2 Rd8 16. Rfd1 e6 17. Bg5 Rf8 18. Bf4 Qd8 19. Qe3 Bd5 20. Bh6 Nc6 21. Ne5 Qe7 22. Rc3 Bxh6 23. Qxh6 f6 24. Nxc6 bxc6 25. Rdc1 Qg7 26. Qe3 Rfe8 27. b5 cxb5 28. Bxb5 Re7 29. Qf4 e5 30. dxe5 Rxe5 31. Rc8+ Rxc8 32. Rxc8+ Kf7 33. Rc7+ Re7 34. Rxe7+ Kxe7 35. Qc7+ Kf8 36. Qd8+ 1-0

[Event "GRE-ch (Women)"]
[Site "Igoumenitsa"]
[Date "2007.12.08"]
[Round "8"]
[White "Pambalou, Fotini"]
[Black "Makka, Ioulia"]
[Result "0-1"]
[WhiteElo "2164"]
[BlackElo "2187"]
[PlyCount "192"]
[EventDate "2007.12.01"]
[EventType "tourn"]
[EventRounds "9"]
[EventCountry "GRE"]
[SourceTitle "CBM 121 Extra"]
[Source "ChessBase"]
[SourceDate "2008.01.10"]
[SourceVersion "1"]
[SourceVersionDate "2008.01.10"]
[SourceQuality "1"]

1. e4 e6 2. d4 d5 3. Nc3 Nf6 4. e5 Nfd7 5. f4 c5 6. Nf3 Nc6 7. Be3 Rb8 8. Qd2 Qa5 9. dxc5 Bxc5 10. Bxc5 Qxc5 11. Nb5 0-0 12. c3 f6 13. Nbd4 Qe7 14. Qe3 fxe5 15. fxe5 Nc5 16. Be2 Bd7 17. 0-0 Be8 18. Nd2 Bg6 19. Bg4 a5 20. N2b3 Nxd4 21. Nxd4 Bf7 22. Qh3 Rfe8 23. Rf4 Kh8 24. Raf1 Bg8 25. Bh5 Rf8 26. Bg4 Rxf4 27. Rxf4 Qg5 28. Qf3 Qxe5 29. h3 Nd7 30. Qf2 Nf6 31. Rf3 h5 32. Re3 Ne4 33. Qh4 Bf7 34. Bf3 Qf6 35. Qe1 Ng5 36. g4 Nxh3+ 37. Kh2 Ng5 38. gxh5 e5 39. Qg3 Re8 40. Ne2 e4 41. Bg4 Kg8 42. Nd4 Qe5 43. Qxe5 Rxe5 44. Kg3 Nh7 45. Kf4 Re8 46. Nf5 Be6 47. Nd6 Rf8+ 48. Kg3 Bxg4 49. Kxg4 Rf2 50. Nxb7 Rxb2 51. Nxa5 Rxa2 52. Nc6 Nf6+ 53. Kf5 Rh2 54. Kf4 Rxh5 55. Rg3 Kf7 56. Nd4 g6 57. Nc6 Rf5+ 58. Ke3 Nh5 59. Rg1 Kf6 60. Nd4 Rg5 61. Rf1+ Ke5 62. Ne2 Ng3 63. Nxg3 Rxg3+ 64. Kd2 Rd3+ 65. Kc2 Rf3 66. Rg1 Kf6 67. Rd1 Rf5 68. Kd2 g5 69. Ke3 Ke5 70. Rg1 Rf3+ 71. Ke2 Kf4 72. Rd1 Re3+ 73. Kf2 Rd3 74. Rc1 g4 75. c4 g3+ 76. Kg1 dxc4 77. Rxc4 Kf3 78. Rc1 Rd2 79. Rf1+ Rf2 80. Rc1 Rg2+ 81. Kh1 Rh2+ 82. Kg1 Ra2 83. Rf1+ Kg4 84. Rf8 e3 85. Rg8+ Kf3 86. Rf8+ Ke2 87. Rd8 Ke1 88. Rd3 e2 89. Kg2 Rd2 90. Ra3 Kd1 91. Ra1+ Kc2 92. Re1 Kd3 93. Kxg3 Ke3 94. Ra1 Rd1 95. Ra3+ Kd4 96. Ra4+ Ke5 0-1

[Event "GRE-ch (Women)"]
[Site "Igoumenitsa"]
[Date "2007.12.06"]
[Round "6"]
[White "Pambalou, Fotini"]
[Black "Makropoulou, Marina"]
[Result "0-1"]
[WhiteElo "2164"]
[BlackElo "2266"]
[PlyCount "108"]
[EventDate "2007.12.01"]
[EventType "tourn"]
[EventRounds "9"]
[EventCountry "GRE"]
[SourceTitle "CBM 121 Extra"]
[Source "ChessBase"]
[SourceDate "2008.01.10"]
[SourceVersion "1"]
[SourceVersionDate "2008.01.10"]
[SourceQuality "1"]

1. e4 e5 2. Nf3 Nc6 3. Bb5 a6 4. Bxc6 dxc6 5. 0-0 Be6 6. Nc3 Qd6 7. d3 0-0-0 8. b3 Ne7 9. Ne2 c5 10. Be3 Nc6 11. a4 f6 12. Nd2 g5 13. Ng3 Qd7 14. Nh5 Qf7 15. g4 Be7 16. h3 Rdg8 17. Kh1 Qe8 18. Kg2 Bf7 19. Ng3 h5 20. f3 Nd8 21. Qe2 Ne6 22. Nf5 Rh7 23. Rh1 Kb8 24. Qf2 Qd7 25. Rad1 Bf8 26. Nb1 Nd4 27. Nc3 Rgh8 28. Rb1 Qc6 29. Rbd1 Ne6 30. Nd5 Nd4 31. Nc3 Qd7 32. Qd2 Be7 33. Qf2 Bd8 34. Rb1 Be7 35. Rbd1 Ka8 36. Rb1 Be6 37. Rbd1 Bg8 38. Rb1 Qc6 39. Rbd1 Bd8 40. Rb1 Bf7 41. Rbd1 Kb8 42. Rb1 Bg8 43. Rbd1 Qd7 44. Rb1 c6 45. Rbd1 Ba5 46. Na2 Qd8 47. Bd2 Bxd2 48. Qxd2 Ne6 49. Qc1 Nf4+ 50. Kf2 hxg4 51. hxg4 Rh2+ 52. Rxh2 Rxh2+ 53. Ke1 Be6 54. Ng3 Qd4 0-1

[Event "GRE-ch (Women)"]
[Site "Igoumenitsa"]
[Date "2007.12.05"]
[Round "5"]
[White "Pavlidou, Ekaterini"]
[Black "Pambalou, Fotini"]
[Result "1-0"]
[WhiteElo "1984"]
[BlackElo "2164"]
[PlyCount "83"]
[EventDate "2007.12.01"]
[EventType "tourn"]
[EventRounds "9"]
[EventCountry "GRE"]
[SourceTitle "CBM 121 Extra"]
[Source "ChessBase"]
[SourceDate "2008.01.10"]
[SourceVersion "1"]
[SourceVersionDate "2008.01.10"]
[SourceQuality "1"]

1. d4 d5 2. Nf3 Nf6 3. c4 e6 4. Nc3 c6 5. Bg5 Nbd7 6. e3 Qa5 7. cxd5 Nxd5 8. Qd2 Bb4 9. Rc1 h6 10. Bh4 c5 11. Bd3 cxd4 12. exd4 b6 13. 0-0 0-0 14. Rfe1 Bb7 15. Bb1 Rfc8 16. Qd3 Nf8 17. Nxd5 Bxd5 18. Red1 Bxa2 19. Bxa2 Qxa2 20. b3 Ng6 21. Bg3 Ne7 22. Ne5 Rxc1 23. Rxc1 Rc8 24. Rxc8+ Nxc8 25. h3 Qa1+ 26. Kh2 Qc3 27. Qa6 Bd6 28. Nc4 Bxg3+ 29. fxg3 Ne7 30. Qxa7 Qxb3 31. Nd6 e5 32. Qxe7 exd4 33. Qe8+ Kh7 34. Qe4+ Kg8 35. Qxd4 b5 36. Nf5 f6 37. Qg4 g5 38. Nxh6+ Kf8 39. Qc8+ Ke7 40. Qc7+ Ke8 41. Nf5 Qb4 42. Nd6+ 1-0

[Event "GRE-ch (Women)"]
[Site "Igoumenitsa"]
[Date "2007.12.04"]
[Round "4"]
[White "Pambalou, Fotini"]
[Black "Grapsa, Georgia"]
[Result "1/2-1/2"]
[WhiteElo "2164"]
[BlackElo "2076"]
[PlyCount "45"]
[EventDate "2007.12.01"]
[EventType "tourn"]
[EventRounds "9"]
[EventCountry "GRE"]
[SourceTitle "CBM 121 Extra"]
[Source "ChessBase"]
[SourceDate "2008.01.10"]
[SourceVersion "1"]
[SourceVersionDate "2008.01.10"]
[SourceQuality "1"]

1. c4 c5 2. Nf3 Nc6 3. Nc3 g6 4. b3 Bg7 5. Bb2 e5 6. Nd5 Nge7 7. h4 d6 8. h5 Nxd5 9. cxd5 Ne7 10. e4 a6 11. Be2 Bg4 12. Nh2 Bxe2 13. Qxe2 g5 14. g4 h6 15. Nf1 Qd7 16. Ne3 0-0 17. 0-0 b5 18. a4 Rfb8 19. Bc3 b4 20. Bb2 a5 21. Rac1 Ra7 22. d3 f6 23. Kg2 1/2-1/2

[Event "GRE-ch (Women)"]
[Site "Igoumenitsa"]
[Date "2007.12.02"]
[Round "2"]
[White "Pambalou, Fotini"]
[Black "Fakhiridou, Ekaterini"]
[Result "1-0"]
[WhiteElo "2164"]
[BlackElo "2284"]
[PlyCount "159"]
[EventDate "2007.12.01"]
[EventType "tourn"]
[EventRounds "9"]
[EventCountry "GRE"]
[SourceTitle "CBM 121 Extra"]
[Source "ChessBase"]
[SourceDate "2008.01.10"]
[SourceVersion "1"]
[SourceVersionDate "2008.01.10"]
[SourceQuality "1"]

1. e4 e5 2. Nf3 Nc6 3. Bb5 a6 4. Bxc6 dxc6 5. 0-0 Qf6 6. d4 exd4 7. Bg5 Qd6 8. Nxd4 c5 9. Nb3 f6 10. Be3 Qxd1 11. Rxd1 c4 12. Na5 Be6 13. Nc3 b6 14. Nc6 Ne7 15. Nxe7 Bxe7 16. Nd5 Rc8 17. Bf4 Bd8 18. Nb4 g5 19. Bg3 h5 20. h4 gxh4 21. Bxh4 Rg8 22. Nc6 Bh3 23. g3 Kf7 24. e5 Bg4 25. Re1 Bf3 26. e6+ Kg6 27. Nd4 Bg4 28. e7 c5 29. exd8Q Rgxd8 30. f3 cxd4 31. fxg4 hxg4 32. Rad1 Rd6 33. Rd2 Rcd8 34. Re4 f5 35. Re1 R8d7 36. Re7 b5 37. Rxd7 Rxd7 38. b3 f4 39. gxf4 Kf5 40. Kf2 c3 41. Rd3 Kxf4 42. b4 Rf7 43. Ke2 Ke4 44. Bf2 Rd7 45. Kf1 g3 46. Bxg3 a5 47. bxa5 Ra7 48. Rxd4+ Kf5 49. a3 Rxa5 50. Bd6 Ra8 51. Ke2 Rh8 52. Rd3 Rh6 53. Bg3 Ke4 54. Rxc3 Kd4 55. Rb3 Kc4 56. Kd2 Rh3 57. Kc1 Rh1+ 58. Kb2 Rf1 59. Bd6 Kd5 60. Rd3+ Kc6 61. Bb4 Rf6 62. Kc3 Rh6 63. Kb3 Rg6 64. Bd2 Rg4 65. Be3 Re4 66. Bd4 Re1 67. Kb2 Re4 68. Bf2 Rf4 69. Be3 Rh4 70. Rc3+ Kb7 71. Rc5 Ka6 72. Rc6+ Ka5 73. Bd2+ b4 74. axb4+ Kb5 75. Rc5+ Kb6 76. Rf5 Re4 77. Kb3 Re2 78. Rf6+ Kb7 79. Bc3 Rh2 80. Bd4 1-0

[Event "GRE-ch (Women) 29th"]
[Site "Athens"]
[Date "2006.11.28"]
[Round "4"]
[White "Makropoulou, Marina"]
[Black "Pambalou, Fotini"]
[Result "1/2-1/2"]
[WhiteElo "2313"]
[BlackElo "2177"]
[PlyCount "90"]
[EventDate "2006.11.27"]
[EventType "tourn"]
[EventRounds "9"]
[EventCountry "GRE"]
[SourceTitle "CBM 115 Extra"]
[Source "ChessBase"]
[SourceDate "2007.01.10"]
[SourceVersion "1"]
[SourceVersionDate "2007.01.10"]
[SourceQuality "1"]

1. e4 e5 2. Nf3 Nc6 3. Bb5 a6 4. Ba4 d6 5. 0-0 Nf6 6. Re1 b5 7. Bb3 Be7 8. c3 Na5 9. Bc2 c5 10. d4 Qc7 11. Nbd2 0-0 12. Nf1 Rd8 13. h3 Nh5 14. Ne3 Nf4 15. Nd5 Nxd5 16. exd5 cxd4 17. cxd4 Nc4 18. b3 Nb6 19. Bb2 f6 20. Rc1 Qd7 21. Nd2 Qe8 22. f4 exf4 23. Qf3 Qf7 24. Qe4 Nxd5 25. Qxh7+ Kf8 26. Bg6 Qg8 27. Qxg8+ Kxg8 28. Be4 Be6 29. Bxd5 Bxd5 30. Rxe7 Re8 31. Rxe8+ Rxe8 32. Kf2 Bxg2 33. Ba3 d5 34. Bd6 g5 35. h4 gxh4 36. Bxf4 h3 37. Rc6 Kf7 38. Rxa6 Be4 39. Ra7+ Kg6 40. Nf1 Bd3 41. Ne3 Re4 42. Bh2 Rxd4 43. Ra8 f5 44. Rh8 Be4 45. Ke2 Bd3+ 1/2-1/2